01341nam a22003131i 450000100060000001000180000602100180002409000100004210000410005210100080009310200070010120000450010821000280015321500240018122500580020530002620026330500510052560600370057667500120061370000320062570100300065780100120068799000110069999400090071099500820071999500830080199500810088499500620096517899 a9789724141848 aPTb408751/16 a17899 a20170304u u u0frey50 ba0 apor aPT1 fLuísa Dacosta aO elefante cor-de-rosa cASA IIaAlfragided2005 a[58] p.cil.d21 cm2 aObras completas de Luísa Dacosta, para a infância aLuísa Dacosta é pseudónimo de Maria Luísa Saraiva Pinto dos Santos. - O exemplar nÇ 29399 é uma 8A edição de 2013. - Ler+ Plano Nacional de Leitura. - Obra recomendada pelas metas curriculares de português para o 2Ç ano de escolaridade aO exemplar nº 31245 é uma 13ª. edição. 9187aHistórias para crianças a8:087.5 aDacostabLuísa407092416 aAlvesbArmando444092607 aPTgRPC cLIVROS aCOMP 0010924628bBMVAALdBMVAALf0023357k8 DACm2022-09-01o0rLIVROSu6-10 anos 0010924629bBMVAdBMVAAGf0029399k8 DAC m2023-05-12o0rLIVROSu6-10 anoss 0010935226bBMVAdBMVAf0031245k8 DACm2026-04-29o0rLIVROSu6-10 anos00 0010950384bBEAGUdBEAGUf830 BAk087.5 DACo0rLIVROSs